| 000 | 00895nmm a2200301 a 4500 | ||
|---|---|---|---|
| 003 | AR-BaBNM | ||
| 005 | 20251128202916.0 | ||
| 008 | 037019s1960 ||||||||||||||000 | spa|| | ||
| 040 | _cAR-BaBNM | ||
| 100 | 1 | _aFerré, André | |
| 245 | 1 | 0 | _aEl niño y el ambiente escolar |
| 260 |
_aBuenos Aires _bLerú _c1960 |
||
| 300 | 0 | _a143 p. | |
| 500 | 0 | _aContiene referencias bibliográficas en notas a pie de página | |
| 500 | 0 | _aContiene apéndices | |
| 650 | 4 | _aAMBIENTE EDUCACIONAL | |
| 650 | 4 | _aADAPTACION DEL ALUMNO | |
| 650 | 4 | _aADAPTACION SOCIAL | |
| 650 | 4 | _aRELACION ALUMNO-DOCENTE | |
| 650 | 4 | _aDESARROLLO DEL NINO | |
| 650 | 4 | _aRELACION FAMILIA-ESCUELA | |
| 650 | 4 | _aDIFERENCIAS INDIVIDUALES | |
| 653 | 0 | _aPROCESO DE ENSENANZA-APRENDIZAJE | |
| 700 | 1 |
_aMeystre, Marcela C. de _etraductor |
|
| 700 | 1 |
_aHuber, Catalina R. de _etraductor |
|
| 942 | _cBK | ||
| 998 | _csilvi | ||
| 999 |
_c1150 _d1150 |
||